Redecorate- Twenty One Pilots - Statistics

General Stats
  • This quiz has been taken 81 times
  • The average score is 300 of 406
Answer Stats
Answer % Correct
I
100%
i
100%
a
98%
it
94%
or
94%
redecorate
94%
the
94%
do
93%
like
93%
me
93%
my
93%
on
93%
room
93%
then
93%
this
93%
when
93%
clean
91%
dont
91%
go
91%
he
91%
to
91%
is
89%
keep
89%
let
89%
of
89%
should
89%
wanna
89%
at
87%
display
87%
thing
85%
an
83%
least
83%
people
83%
see
83%
what
83%
in
81%
last
81%
she
81%
but
80%
leave
80%
make
80%
and
78%
no
78%
so
78%
cause
76%
hear
76%
wondering
74%
his
72%
inventory
72%
life
72%
not
72%
decisions
70%
her
70%
just
70%
line
70%
never
70%
way
70%
mirror
69%
they
69%
back
67%
chronologically
67%
oh
67%
seeing
67%
snapshots
67%
taking
67%
that
67%
blankets
65%
lived
65%
look
65%
quite
65%
up
65%
behind
63%
enough
63%
him
63%
might
63%
tidy
63%
from
61%
things
61%
traditional
61%
many
59%
name
59%
tends
59%
with
59%
change
57%
looking
57%
something
57%
afraid
56%
new
56%
perspective
56%
shes
56%
tried
56%
around
54%
bed
54%
collected
54%
over
54%
told
54%
corner
52%
decorates
52%
always
50%
asked
50%
directive
50%
forgive
50%
permission
50%
plans
50%
scaled
50%
shadow
50%
by
48%
mistakes
48%
reflection
48%
said
48%
where
48%
cold
46%
flat
46%
heard
46%
isolated
46%
ripped
46%
hopes
44%
say
44%
still
44%
all
43%
couple
43%
got
43%
haunted
43%
if
43%
mirrors
43%
night
43%
off
43%
orders
43%
you
43%
big
41%
different
41%
one
41%
them
41%
covers
39%
has
39%
dents
37%
hes
37%
made
37%
have
35%
most
35%
street
35%
bells
33%
track
33%
whistles
33%
days
31%
open
31%
repeat
31%
schedule
31%
take
31%
can
30%
feels
30%
they'd
30%
week
30%
mostly
28%
says
28%
trapped
28%
your
28%
door
26%
fair
26%
likes
26%
put
26%
sedated
26%
ear
24%
hates
24%
fairly
22%
tell
22%
before
20%
break
20%
breath
20%
inebriated
19%
youre
11%
running
9%
No matching quizzes found
Score Distribution
Percent of People with Each Score
Percentile by Number Answered
Your Score History
You have not taken this quiz